Nghệ thuật kết cấu tiểu thuyết Tạ Duy Anh

Tiểu thuyết Tạ Duy Anh trong dòng chảy văn xuôi đương đại Việt Nam; Kết cấu tiểu thuyết Tạ Duy Anh nhìn từ phương diện tổ chức hệ thống nhân vật và không thời gian nghệ thuật; Kết cấu tiểu thuyết Tạ Duy Anh nhìn từ phương diện tổ chức cốt truyện và điểm nhìn trần thuật...

詳細記述

保存先:
書誌詳細
第一著者: Võ Thị Thanh Ngân
その他の著者: Bùi Thanh Truyền T.S (Hướng dẫn)
フォーマット: 図書
言語:Vietnamese
出版事項: Đà Nẵng Đại học Đà Nẵng 2012
主題:
タグ: タグ追加
タグなし, このレコードへの初めてのタグを付けませんか!
Thư viện lưu trữ: Mạng thư viện Đại học Đà Nẵng
LEADER 01771nam a2200337 4500
001 000017953
003 14380
005 20130828110808.0
008 130624s2012 viesd
041 |a vie 
082 |a 895.922334  |b VO-N 
100 |a Võ Thị Thanh Ngân 
245 |a Nghệ thuật kết cấu tiểu thuyết Tạ Duy Anh  |c Võ Thị Thanh Ngân ; Bùi Thanh Truyền hướng dẫn.  |k Luận văn Thạc sĩ 
260 |a Đà Nẵng  |b Đại học Đà Nẵng  |c 2012 
300 |a 88 tr.  |c 29 cm.  |e CD + tóm tắt 
500 |a Luận văn thạc sĩ Khoa học xã hội và nhân văn. Chuyên ngành : Văn học Việt Nam. Mã số: 60.22.34. 
520 |a Tiểu thuyết Tạ Duy Anh trong dòng chảy văn xuôi đương đại Việt Nam; Kết cấu tiểu thuyết Tạ Duy Anh nhìn từ phương diện tổ chức hệ thống nhân vật và không thời gian nghệ thuật; Kết cấu tiểu thuyết Tạ Duy Anh nhìn từ phương diện tổ chức cốt truyện và điểm nhìn trần thuật 
600 1 4 |a Tạ Duy Anh  |d 1959- 
650 0 4 |a Tiểu thuyết Việt  |v Luận văn tốt nghiệp  |x Tạ Duy Anh 
653 |a Tạ Duy Anh  |a Văn học Việt Nam  |a Tiểu thuyết Việt 
700 |a Bùi Thanh Truyền  |c T.S  |e Hướng dẫn 
OWN |a LSP 
AVA |a UDN50  |b LSP  |d 895.922334 VO-N  |e available  |t Error 5001 Not defined in file expand_doc_bib_avail.  |f 1  |g 0  |h N  |i 0  |k 1 
999 |a From the UDN01 
AVA |a UDN50  |b LSP  |d 895.922334 VO-N  |e available  |t Error 5001 Not defined in file expand_doc_bib_avail.  |f 1  |g 0  |h N  |i 0  |k 1 
TYP |a Monograph 
TYP |a Printed language 
980 |a Mạng thư viện Đại học Đà Nẵng